[Event "Poznan Chess Festival"]
[Site "chess24.com"]
[Date "2021.08.20"]
[Round "7"]
[White "Rozumek, Krzysztof"]
[Black "Swiatek, Mateusz"]
[Result "1-0"]
[Board "17"]
[WhiteElo "1859"]
[WhiteCountry "POL"]
[WhiteFideId "1180215"]
[WhiteEloChange "2"]
[BlackElo "1501"]
[BlackCountry "POL"]
[BlackFideId "21837678"]
[BlackEloChange "-2"]

1. Nf3 {[%clk 1:10:52]} Nf6 {[%clk 1:30:40]} 2. b3 {[%clk 1:09:20]} d5 {[%clk
1:29:11]} 3. Bb2 {[%clk 1:09:48]} e6 {[%clk 1:29:24]} 4. e3 {[%clk 1:10:14]} a6
{[%clk 1:29:27]} 5. c4 {[%clk 1:08:40]} Nc6 {[%clk 1:27:20]} 6. Be2 {[%clk
1:05:34]} Be7 {[%clk 1:26:52]} 7. O-O {[%clk 1:05:52]} O-O {[%clk 1:26:55]} 8. d4
{[%clk 1:05:01]} Re8 {[%clk 1:25:14]} 9. Nbd2 {[%clk 1:02:02]} Bd7 {[%clk
1:18:43]} 10. Bd3 {[%clk 0:57:40]} Nb4 {[%clk 1:18:34]} 11. Bb1 {[%clk 0:58:02]}
c5 {[%clk 1:17:32]} 12. Ne5 {[%clk 0:44:40]} cxd4 {[%clk 1:16:13]} 13. exd4
{[%clk 0:40:08]} Rc8 {[%clk 1:14:54]} 14. a3 {[%clk 0:37:50]} Nc6 {[%clk
1:14:58]} 15. Re1 {[%clk 0:36:16]} Bf8 {[%clk 1:08:50]} 16. Re3 {[%clk 0:35:42]}
Ne7 {[%clk 1:07:47]} 17. Qf3 {[%clk 0:26:33]} dxc4 {[%clk 1:06:05]} 18. bxc4
{[%clk 0:26:28]} Bc6 {[%clk 1:05:20]} 19. Qh3 {[%clk 0:25:27]} Ng6 {[%clk
1:03:41]} 20. Nxc6 {[%clk 0:18:39]} bxc6 {[%clk 1:03:57]} 21. Rb3 {[%clk
0:17:28]} Rb8 {[%clk 1:03:36]} 22. Qf3 {[%clk 0:11:49]} Qa5 {[%clk 0:57:39]} 23.
Bc3 {[%clk 0:10:14]} Qc7 {[%clk 0:55:38]} 24. g3 {[%clk 0:08:57]} a5 {[%clk
0:54:40]} 25. Bc2 {[%clk 0:09:08]} c5 {[%clk 0:48:39]} 26. Rab1 {[%clk 0:04:54]}
cxd4 {[%clk 0:47:36]} 27. Bxd4 {[%clk 0:05:21]} Rxb3 {[%clk 0:46:42]} 28. Rxb3
{[%clk 0:05:46]} Qd6 {[%clk 0:46:37]} 29. Qc3 {[%clk 0:02:43]} e5 {[%clk
0:44:45]} 30. Be3 {[%clk 0:03:12]} Ra8 {[%clk 0:42:40]} 31. c5 {[%clk 0:03:27]}
Qc7 {[%clk 0:42:28]} 32. Qc4 {[%clk 0:03:22]} Ne7 {[%clk 0:39:36]} 33. Rb5 {[%clk
0:03:48]} Nc6 {[%clk 0:38:39]} 34. Ne4 {[%clk 0:03:33]} Nxe4 {[%clk 0:35:30]} 35.
Bxe4 {[%clk 0:04:01]} Rd8 {[%clk 0:35:45]} 36. Bxc6 {[%clk 0:03:33]} Qxc6 {[%clk
0:36:06]} 37. Rb1 {[%clk 0:03:04]} a4 {[%clk 0:36:19]} 38. Qb4 {[%clk 0:03:02]}
Rc8 {[%clk 0:17:41]} 39. Qb6 {[%clk 0:02:11]} f6 {[%clk 0:17:45]} 40. Qxc6 {[%clk
0:02:34]} Rxc6 {[%clk 0:18:02]} 41. Rb5 {[%clk 0:02:46]} Kf7 {[%clk 0:17:55]} 42.
Kf1 {[%clk 0:02:06]} Ke6 {[%clk 0:18:19]} 43. Ra5 {[%clk 0:02:22]} Kd5 {[%clk
0:18:28]} 44. Rxa4 {[%clk 0:02:40]} g6 {[%clk 0:08:12]} 45. Ke2 {[%clk 0:02:24]}
f5 {[%clk 0:08:16]} 46. h4 {[%clk 0:02:05]} h5 {[%clk 0:08:21]} 47. Kd3 {[%clk
0:02:23]} Bg7 {[%clk 0:05:10]} 48. Rb4 {[%clk 0:01:33]} Ra6 {[%clk 0:04:54]} 49.
a4 {[%clk 0:01:54]} Bf8 {[%clk 0:03:43]} 50. Rb8 {[%clk 0:01:50]} Be7 {[%clk
0:02:50]} 51. Rb7 {[%clk 0:02:07]} Bf8 {[%clk 0:02:30]} 52. Rb4 {[%clk 0:01:47]}
Bg7 {[%clk 0:02:10]} 53. Kc2 {[%clk 0:01:50]} Bf8 {[%clk 0:01:40]} 54. Kb3 {[%clk
0:01:25]} Be7 {[%clk 0:01:25]} 55. Rb6 {[%clk 0:01:36]} Ra8 {[%clk 0:01:49]} 56.
Kb4 {[%clk 0:01:30]} f4 {[%clk 0:02:08]} 57. gxf4 {[%clk 0:00:45]} exf4 {[%clk
0:02:35]} 58. Rb7 {[%clk 0:00:55]} fxe3 {[%clk 0:02:28]} 59. Rxe7 {[%clk
0:01:23]} exf2 {[%clk 0:02:20]} 60. Rf7 {[%clk 0:01:52]} Rb8+ {[%clk 0:02:37]}
61. Kc3 {[%clk 0:01:59]} Ra8 {[%clk 0:02:33]} 62. Kb3 {[%clk 0:02:17]} Kxc5
{[%clk 0:02:26]} 63. Rxf2 {[%clk 0:02:45]} Ra6 {[%clk 0:02:20]} 64. Rg2 {[%clk
0:03:09]} Rb6+ {[%clk 0:01:40]} 65. Kc3 {[%clk 0:03:36]} Kd5 {[%clk 0:01:41]} 66.
Rg5+ {[%clk 0:04:02]} Ke4 {[%clk 0:01:50]} 67. a5 {[%clk 0:04:12]} Rf6 {[%clk
0:01:55]} 68. Kb4 {[%clk 0:04:35]} Kd4 {[%clk 0:01:43]} 69. Kb5 {[%clk 0:04:40]}
Rf1 {[%clk 0:00:35]} 70. Rxg6 {[%clk 0:04:38]} Rb1+ {[%clk 0:00:47]} 71. Kc6
{[%clk 0:04:59]} Ra1 {[%clk 0:00:41]} 72. Rg5 {[%clk 0:05:12]} Ke4 {[%clk
0:00:34]} 73. Rxh5 {[%clk 0:05:38]} Kf4 {[%clk 0:01:00]} 74. Kb6 {[%clk 0:05:51]}
Kg4 {[%clk 0:01:28]} 75. Rb5 {[%clk 0:06:06]} 1-0

[Event "Poznan Chess Festival"]
[Site "chess24.com"]
[Date "2021.08.20"]
[Round "7"]
[White "Duszczak, Dariusz"]
[Black "Pilny, Piotr"]
[Result "1-0"]
[Board "18"]
[WhiteElo "1822"]
[WhiteCountry "POL"]
[WhiteFideId "1126954"]
[WhiteEloChange "3"]
[BlackElo "1484"]
[BlackCountry "POL"]
[BlackFideId "21064334"]
[BlackEloChange "-3"]

1. e4 {[%clk 1:30:30]} c5 {[%clk 1:30:39]} 2. Nf3 {[%clk 1:29:58]} e6 {[%clk
1:31:02]} 3. c4 {[%clk 1:27:56]} a6 {[%clk 1:30:05]} 4. Nc3 {[%clk 1:27:48]} Qc7
{[%clk 1:29:47]} 5. g3 {[%clk 1:23:50]} Nc6 {[%clk 1:27:17]} 6. d4 {[%clk
1:19:29]} cxd4 {[%clk 1:26:57]} 7. Nxd4 {[%clk 1:19:51]} Bb4 {[%clk 1:24:39]} 8.
Nxc6 {[%clk 1:08:55]} bxc6 {[%clk 1:22:31]} 9. Bg2 {[%clk 1:08:50]} Nf6 {[%clk
1:19:25]} 10. O-O {[%clk 1:00:09]} O-O {[%clk 1:12:09]} 11. Bg5 {[%clk 0:58:32]}
Be7 {[%clk 0:55:08]} 12. Re1 {[%clk 0:58:22]} e5 {[%clk 0:55:01]} 13. Qe2 {[%clk
0:47:35]} d6 {[%clk 0:53:41]} 14. Rad1 {[%clk 0:47:52]} Rb8 {[%clk 0:52:30]} 15.
h3 {[%clk 0:45:25]} Rd8 {[%clk 0:47:42]} 16. Rd2 {[%clk 0:42:36]} Be6 {[%clk
0:44:14]} 17. Red1 {[%clk 0:41:51]} h6 {[%clk 0:39:39]} 18. Be3 {[%clk 0:42:08]}
Nd7 {[%clk 0:37:28]} 19. Na4 {[%clk 0:40:07]} Qa5 {[%clk 0:34:10]} 20. b3 {[%clk
0:40:02]} Qc7 {[%clk 0:25:35]} 21. f4 {[%clk 0:38:32]} f6 {[%clk 0:25:14]} 22.
Kh2 {[%clk 0:37:09]} Bf7 {[%clk 0:21:17]} 23. Bf3 {[%clk 0:36:22]} c5 {[%clk
0:18:04]} 24. f5 {[%clk 0:31:40]} Rb4 {[%clk 0:17:34]} 25. Nc3 {[%clk 0:31:08]}
Kh7 {[%clk 0:15:24]} 26. Bh5 {[%clk 0:31:17]} Bg8 {[%clk 0:13:59]} 27. Bg6+
{[%clk 0:31:07]} Kh8 {[%clk 0:14:26]} 28. Qh5 {[%clk 0:28:41]} Nf8 {[%clk
0:08:19]} 29. Bf7 {[%clk 0:09:21]} Rbb8 {[%clk 0:05:49]} 30. Nd5 {[%clk 0:09:08]}
Qb7 {[%clk 0:05:11]} 31. Bxg8 {[%clk 0:09:19]} Kxg8 {[%clk 0:05:13]} 32. g4
{[%clk 0:08:35]} Nh7 {[%clk 0:04:25]} 33. h4 {[%clk 0:07:02]} Bf8 {[%clk
0:04:21]} 34. g5 {[%clk 0:07:26]} hxg5 {[%clk 0:04:02]} 35. hxg5 {[%clk 0:07:49]}
fxg5 {[%clk 0:03:05]} 36. Bxg5 {[%clk 0:07:06]} Re8 {[%clk 0:03:09]} 37. Rg1
{[%clk 0:06:03]} Qf7 {[%clk 0:03:05]} 38. Qg4 {[%clk 0:06:10]} Kh8 {[%clk
0:02:17]} 39. Rg3 {[%clk 0:05:19]} Rb7 {[%clk 0:02:10]} 40. Rh3 {[%clk 0:04:39]}
Ra8 {[%clk 0:01:34]} 41. Rg2 {[%clk 0:04:38]} Raa7 {[%clk 0:01:44]} 42. Qh4
{[%clk 0:04:02]} Qg8 {[%clk 0:01:31]} 43. f6 {[%clk 0:02:08]} g6 {[%clk 0:00:34]}
44. Rf3 {[%clk 0:01:50]} Qf7 {[%clk 0:00:54]} 45. Rgg3 {[%clk 0:02:04]} Kg8
{[%clk 0:01:07]} 46. Ne7+ {[%clk 0:02:08]} Kh8 {[%clk 0:00:31]} 47. Rh3 {[%clk
0:02:35]} Ra8 {[%clk 0:00:31]} 48. Bh6 {[%clk 0:02:20]} Bxh6 {[%clk 0:00:36]} 49.
Qxh6 {[%clk 0:02:48]} Rxe7 {[%clk 0:00:31]} 50. fxe7 {[%clk 0:03:10]} Qxe7 {[%clk
0:00:51]} 51. Qxg6 {[%clk 0:03:23]} Rg8 {[%clk 0:00:42]} 52. Qf6+ {[%clk
0:03:07]} Qxf6 {[%clk 0:00:41]} 53. Rxf6 {[%clk 0:03:35]} Rd8 {[%clk 0:00:40]}
54. Rg6 {[%clk 0:03:35]} 1-0

[Event "Poznan Chess Festival"]
[Site "chess24.com"]
[Date "2021.08.20"]
[Round "7"]
[White "Szymanski, Zbigniew"]
[Black "Pietras, Igor"]
[Result "1-0"]
[Board "19"]
[WhiteElo "1793"]
[WhiteCountry "POL"]
[WhiteFideId "1180916"]
[WhiteEloChange "2"]
[BlackElo "1391"]
[BlackCountry "POL"]
[BlackFideId "21867186"]
[BlackEloChange "-2"]

1. b3 {[%clk 1:30:58]} e5 {[%clk 1:27:40]} 2. Bb2 {[%clk 1:31:22]} Nc6 {[%clk
1:27:50]} 3. e3 {[%clk 1:30:31]} d5 {[%clk 1:25:39]} 4. Bb5 {[%clk 1:30:28]} Bd6
{[%clk 1:25:07]} 5. Nf3 {[%clk 1:29:19]} Qe7 {[%clk 1:12:59]} 6. c4 {[%clk
1:26:04]} dxc4 {[%clk 1:09:44]} 7. bxc4 {[%clk 1:16:30]} Bd7 {[%clk 0:54:56]} 8.
O-O {[%clk 1:13:28]} Nf6 {[%clk 0:54:32]} 9. c5 {[%clk 1:07:01]} Bxc5 {[%clk
0:54:10]} 10. Bxc6 {[%clk 1:07:12]} Bxc6 {[%clk 0:53:18]} 11. Nxe5 {[%clk
1:07:34]} Bb5 {[%clk 0:51:33]} 12. Re1 {[%clk 1:07:00]} O-O {[%clk 0:51:03]} 13.
Qb3 {[%clk 1:03:18]} Ba6 {[%clk 0:47:37]} 14. d4 {[%clk 0:58:51]} Bd6 {[%clk
0:43:41]} 15. Ba3 {[%clk 0:54:53]} Bxa3 {[%clk 0:34:45]} 16. Qxa3 {[%clk
0:52:23]} Qe6 {[%clk 0:34:21]} 17. Nd2 {[%clk 0:49:34]} Ng4 {[%clk 0:28:23]} 18.
Nxg4 {[%clk 0:45:16]} Qxg4 {[%clk 0:28:42]} 19. Rac1 {[%clk 0:43:44]} Rac8 {[%clk
0:23:59]} 20. h3 {[%clk 0:41:39]} Qg6 {[%clk 0:23:40]} 21. Qe7 {[%clk 0:33:15]}
c6 {[%clk 0:20:15]} 22. Qc5 {[%clk 0:25:47]} Qe6 {[%clk 0:16:55]} 23. Qxa7 {[%clk
0:23:37]} Qxa2 {[%clk 0:16:50]} 24. Ne4 {[%clk 0:23:30]} f5 {[%clk 0:14:23]} 25.
Ng5 {[%clk 0:16:26]} h6 {[%clk 0:09:54]} 26. Nf3 {[%clk 0:16:17]} g5 {[%clk
0:09:06]} 27. Ne5 {[%clk 0:13:04]} h5 {[%clk 0:05:54]} 28. Qc5 {[%clk 0:12:16]}
Qe6 {[%clk 0:05:10]} 29. Nf3 {[%clk 0:10:23]} g4 {[%clk 0:03:21]} 30. Qe5 {[%clk
0:09:40]} Qg6 {[%clk 0:02:19]} 31. Nh4 {[%clk 0:08:37]} Qg5 {[%clk 0:02:13]} 32.
Qe6+ {[%clk 0:08:09]} Kg7 {[%clk 0:01:55]} 33. g3 {[%clk 0:07:05]} gxh3 {[%clk
0:01:05]} 34. Rc5 {[%clk 0:05:55]} Rce8 {[%clk 0:00:39]} 35. Qd7+ {[%clk
0:04:29]} Re7 {[%clk 0:00:38]} 36. Nxf5+ {[%clk 0:04:18]} Rxf5 {[%clk 0:00:34]}
37. Qxf5 {[%clk 0:04:24]} Qxf5 {[%clk 0:00:37]} 38. Rxf5 {[%clk 0:04:48]} 1-0

[Event "Poznan Chess Festival"]
[Site "chess24.com"]
[Date "2021.08.20"]
[Round "7"]
[White "Mackiewicz, Piotr"]
[Black "Gluszynski, Michal"]
[Result "1/2-1/2"]
[Board "20"]
[WhiteElo "1771"]
[WhiteCountry "POL"]
[WhiteFideId "1139657"]
[WhiteEloChange "-8"]
[BlackElo "1302"]
[BlackCountry "POL"]
[BlackFideId "21858500"]
[BlackEloChange "8"]

1. d4 {[%clk 1:31:00]} d5 {[%clk 1:30:53]} 2. c4 {[%clk 1:31:26]} c6 {[%clk
1:31:19]} 3. Nf3 {[%clk 1:31:51]} Nf6 {[%clk 1:31:41]} 4. Nc3 {[%clk 1:32:18]} e6
{[%clk 1:32:00]} 5. cxd5 {[%clk 1:32:40]} cxd5 {[%clk 1:32:02]} 6. Bg5 {[%clk
1:32:52]} Be7 {[%clk 1:31:50]} 7. e3 {[%clk 1:33:15]} Nc6 {[%clk 1:31:42]} 8. Bd3
{[%clk 1:32:47]} O-O {[%clk 1:31:33]} 9. O-O {[%clk 1:33:14]} Bd7 {[%clk
1:30:33]} 10. a3 {[%clk 1:32:24]} Rc8 {[%clk 1:28:58]} 11. Qe2 {[%clk 1:32:40]}
a6 {[%clk 1:23:07]} 12. Rfd1 {[%clk 1:32:47]} b5 {[%clk 1:20:03]} 13. e4 {[%clk
1:22:13]} dxe4 {[%clk 1:14:39]} 14. Nxe4 {[%clk 1:22:31]} Nxe4 {[%clk 1:14:25]}
15. Qxe4 {[%clk 1:23:00]} g6 {[%clk 1:14:18]} 16. Qh4 {[%clk 1:21:36]} f6 {[%clk
1:05:04]} 17. Bh6 {[%clk 1:16:23]} Rf7 {[%clk 1:04:39]} 18. Qg3 {[%clk 1:16:17]}
Bf8 {[%clk 0:59:53]} 19. Bxf8 {[%clk 1:11:59]} Rxf8 {[%clk 0:58:07]} 20. Rac1
{[%clk 1:01:14]} Ne7 {[%clk 0:55:01]} 21. Qd6 {[%clk 1:00:23]} a5 {[%clk
0:44:05]} 22. Rc5 {[%clk 0:51:41]} Rxc5 {[%clk 0:37:22]} 23. Qxc5 {[%clk
0:50:29]} Qe8 {[%clk 0:37:11]} 24. Qb6 {[%clk 0:47:12]} Qd8 {[%clk 0:35:35]} 25.
Qd6 {[%clk 0:47:23]} Nd5 {[%clk 0:34:45]} 26. Be4 {[%clk 0:38:38]} Qc7 {[%clk
0:30:08]} 27. Qxc7 {[%clk 0:37:24]} Nxc7 {[%clk 0:30:32]} 28. Rc1 {[%clk
0:37:52]} Ne8 {[%clk 0:28:54]} 29. Bd3 {[%clk 0:36:12]} Nd6 {[%clk 0:28:01]} 30.
Rc7 {[%clk 0:36:18]} Rd8 {[%clk 0:27:13]} 31. Ra7 {[%clk 0:36:15]} a4 {[%clk
0:26:50]} 32. Rc7 {[%clk 0:35:23]} Be8 {[%clk 0:24:08]} 33. Kf1 {[%clk 0:35:08]}
Rc8 {[%clk 0:23:08]} 34. Rxc8 {[%clk 0:33:07]} Nxc8 {[%clk 0:23:21]} 35. Ke2
{[%clk 0:32:37]} Kf7 {[%clk 0:23:05]} 36. Kd2 {[%clk 0:32:58]} Ke7 {[%clk
0:22:23]} 37. Kc3 {[%clk 0:33:19]} Nd6 {[%clk 0:20:51]} 38. Kb4 {[%clk 0:33:32]}
Kd8 {[%clk 0:19:11]} 39. Nd2 {[%clk 0:23:59]} Kc7 {[%clk 0:17:50]} 40. Nb1 {[%clk
0:23:39]} Kb6 {[%clk 0:16:45]} 41. Nc3 {[%clk 0:23:55]} Bc6 {[%clk 0:16:26]} 42.
g3 {[%clk 0:23:45]} Bd7 {[%clk 0:09:22]} 43. Nd1 {[%clk 0:20:54]} Bc6 {[%clk
0:08:43]} 44. Ne3 {[%clk 0:21:12]} Ne4 {[%clk 0:07:54]} 45. Bxe4 {[%clk 0:21:24]}
Bxe4 {[%clk 0:08:08]} 46. Ng4 {[%clk 0:21:45]} f5 {[%clk 0:06:54]} 47. Nf6 {[%clk
0:22:13]} h6 {[%clk 0:04:18]} 48. Nd7+ {[%clk 0:21:36]} Kc6 {[%clk 0:01:42]} 49.
Ne5+ {[%clk 0:20:43]} Kd5 {[%clk 0:02:08]} 50. Nxg6 {[%clk 0:21:11]} Bd3 {[%clk
0:02:22]} 51. Nf4+ {[%clk 0:16:19]} Kxd4 {[%clk 0:02:46]} 52. Nxd3 {[%clk
0:16:46]} Kxd3 {[%clk 0:03:07]} 53. Kxb5 {[%clk 0:17:12]} e5 {[%clk 0:03:28]} 54.
Kxa4 {[%clk 0:17:12]} e4 {[%clk 0:03:50]} 55. b4 {[%clk 0:17:03]} Ke2 {[%clk
0:04:14]} 56. b5 {[%clk 0:17:17]} Kxf2 {[%clk 0:04:40]} 57. b6 {[%clk 0:17:43]}
e3 {[%clk 0:05:04]} 58. b7 {[%clk 0:18:11]} e2 {[%clk 0:05:28]} 59. b8=Q {[%clk
0:18:37]} e1=Q {[%clk 0:05:47]} 60. Qb2+ {[%clk 0:17:17]} Kg1 {[%clk 0:04:56]}
61. Qb6+ {[%clk 0:15:08]} Kxh2 {[%clk 0:05:02]} 62. Qxh6+ {[%clk 0:15:31]} Kg2
{[%clk 0:02:02]} 63. Qf4 {[%clk 0:12:02]} Qd1+ {[%clk 0:01:53]} 64. Kb4 {[%clk
0:11:15]} Qb1+ {[%clk 0:02:09]} 65. Kc3 {[%clk 0:09:45]} Qa1+ {[%clk 0:02:25]}
66. Kb3 {[%clk 0:08:46]} Qb1+ {[%clk 0:02:51]} 67. Kc4 {[%clk 0:06:50]} Qa2+
{[%clk 0:03:14]} 1/2-1/2

[Event "Poznan Chess Festival"]
[Site "chess24.com"]
[Date "2021.08.20"]
[Round "7"]
[White "Grynia, Jakub"]
[Black "Baranska, Monika"]
[Result "0-1"]
[Board "21"]
[WhiteElo "1399"]
[WhiteCountry "POL"]
[WhiteFideId "41802551"]
[WhiteEloChange "-2"]
[BlackElo "1767"]
[BlackCountry "POL"]
[BlackFideId "1130382"]
[BlackEloChange "2"]

1. d4 {[%clk 1:30:59]} d5 {[%clk 1:30:55]} 2. c4 {[%clk 1:31:24]} e6 {[%clk
1:31:21]} 3. Nf3 {[%clk 1:31:47]} c6 {[%clk 1:31:41]} 4. e3 {[%clk 1:32:08]} Nf6
{[%clk 1:32:04]} 5. Nc3 {[%clk 1:32:33]} Bd6 {[%clk 1:31:52]} 6. Qc2 {[%clk
1:31:40]} O-O {[%clk 1:32:12]} 7. Bd3 {[%clk 1:31:22]} Nbd7 {[%clk 1:30:44]} 8.
O-O {[%clk 1:29:30]} e5 {[%clk 1:26:32]} 9. dxe5 {[%clk 1:28:30]} Nxe5 {[%clk
1:26:52]} 10. Nxe5 {[%clk 1:25:05]} Bxe5 {[%clk 1:27:20]} 11. cxd5 {[%clk
1:24:40]} cxd5 {[%clk 1:23:01]} 12. Rd1 {[%clk 1:20:54]} Be6 {[%clk 1:10:42]} 13.
Ne2 {[%clk 1:10:38]} Rc8 {[%clk 1:01:18]} 14. Qb1 {[%clk 0:59:48]} Ng4 {[%clk
0:54:05]} 15. g3 {[%clk 0:29:51]} Qf6 {[%clk 0:53:05]} 16. f4 {[%clk 0:28:55]}
Rxc1 {[%clk 0:39:13]} 17. Qxc1 {[%clk 0:28:53]} Bxb2 {[%clk 0:39:38]} 18. Qb1
{[%clk 0:19:45]} Bxa1 {[%clk 0:39:13]} 19. Qxa1 {[%clk 0:18:46]} Qxa1 {[%clk
0:39:41]} 20. Rxa1 {[%clk 0:19:14]} Nxe3 {[%clk 0:39:57]} 21. Nd4 {[%clk
0:16:32]} Nc4 {[%clk 0:31:15]} 22. Rc1 {[%clk 0:14:32]} Rc8 {[%clk 0:26:33]} 23.
Bf5 {[%clk 0:13:45]} Bxf5 {[%clk 0:25:50]} 24. Nxf5 {[%clk 0:14:07]} Kf8 {[%clk
0:24:50]} 25. Ne3 {[%clk 0:14:01]} Nb6 {[%clk 0:18:18]} 26. Rxc8+ {[%clk
0:14:11]} Nxc8 {[%clk 0:18:46]} 27. Nxd5 {[%clk 0:14:32]} Ke8 {[%clk 0:18:51]}
28. Kf2 {[%clk 0:14:38]} Kd7 {[%clk 0:19:15]} 29. Ke3 {[%clk 0:14:45]} Kd6 {[%clk
0:19:16]} 30. Kd4 {[%clk 0:14:51]} Ne7 {[%clk 0:19:03]} 31. Nxe7 {[%clk 0:14:18]}
Kxe7 {[%clk 0:19:31]} 32. Kd5 {[%clk 0:14:27]} Kd7 {[%clk 0:19:49]} 33. g4 {[%clk
0:13:54]} Ke7 {[%clk 0:19:08]} 34. h4 {[%clk 0:13:36]} h6 {[%clk 0:16:49]} 35. g5
{[%clk 0:12:11]} hxg5 {[%clk 0:16:40]} 36. fxg5 {[%clk 0:12:21]} g6 {[%clk
0:15:38]} 37. a4 {[%clk 0:11:36]} f5 {[%clk 0:11:59]} 38. gxf6+ {[%clk 0:11:48]}
Kxf6 {[%clk 0:12:27]} 39. Ke4 {[%clk 0:09:20]} b6 {[%clk 0:10:15]} 40. Kd5 {[%clk
0:09:19]} a6 {[%clk 0:10:31]} 41. Kc6 {[%clk 0:09:08]} b5 {[%clk 0:10:56]} 42.
axb5 {[%clk 0:08:59]} axb5 {[%clk 0:11:25]} 43. Kxb5 {[%clk 0:09:19]} Kf5 {[%clk
0:11:50]} 44. Kc4 {[%clk 0:09:40]} Kg4 {[%clk 0:12:16]} 45. Kd3 {[%clk 0:09:55]}
Kxh4 {[%clk 0:12:41]} 46. Ke3 {[%clk 0:09:39]} Kg3 {[%clk 0:12:55]} 47. Ke2
{[%clk 0:09:58]} Kg2 {[%clk 0:13:10]} 48. Ke3 {[%clk 0:10:20]} g5 {[%clk
0:13:28]} 0-1

[Event "Poznan Chess Festival"]
[Site "chess24.com"]
[Date "2021.08.20"]
[Round "7"]
[White "Huchwajda, Grzegorz"]
[Black "Sobczak, Miroslaw"]
[Result "0-1"]
[Board "22"]
[WhiteElo "1440"]
[WhiteCountry "POL"]
[WhiteFideId "21806357"]
[WhiteEloChange "-3"]
[BlackElo "1748"]
[BlackCountry "POL"]
[BlackFideId "1114182"]
[BlackEloChange "3"]

1. e4 {[%clk 1:30:37]} e6 {[%clk 1:30:02]} 2. d4 {[%clk 1:31:02]} d5 {[%clk
1:30:30]} 3. Nd2 {[%clk 1:31:12]} Nf6 {[%clk 1:30:51]} 4. e5 {[%clk 1:31:36]}
Nfd7 {[%clk 1:31:17]} 5. f4 {[%clk 1:31:59]} c5 {[%clk 1:31:44]} 6. c3 {[%clk
1:32:26]} Nc6 {[%clk 1:32:05]} 7. Ndf3 {[%clk 1:32:29]} cxd4 {[%clk 1:32:27]} 8.
cxd4 {[%clk 1:32:48]} Qb6 {[%clk 1:32:45]} 9. g3 {[%clk 1:32:55]} Bb4+ {[%clk
1:32:41]} 10. Kf2 {[%clk 1:32:57]} g5 {[%clk 1:32:55]} 11. fxg5 {[%clk 1:33:09]}
Ndxe5 {[%clk 1:33:15]} 12. Nxe5 {[%clk 1:33:15]} Nxe5 {[%clk 1:33:42]} 13. Kg2
{[%clk 1:33:28]} Nc6 {[%clk 1:33:50]} 14. Nf3 {[%clk 1:33:52]} Bf8 {[%clk
1:34:01]} 15. Rb1 {[%clk 1:30:18]} Bg7 {[%clk 1:28:18]} 16. Be3 {[%clk 1:24:43]}
e5 {[%clk 1:25:05]} 17. Qd2 {[%clk 1:24:05]} Bf5 {[%clk 1:22:59]} 18. Re1 {[%clk
1:13:37]} Be4 {[%clk 1:21:10]} 19. dxe5 {[%clk 1:05:38]} Qc7 {[%clk 1:08:49]} 20.
Bb5 {[%clk 1:03:08]} Qxe5 {[%clk 0:54:07]} 21. Re2 {[%clk 0:58:44]} O-O {[%clk
0:29:35]} 22. Rf1 {[%clk 0:53:16]} Qf5 {[%clk 0:25:50]} 23. Bf4 {[%clk 0:52:33]}
Nd4 {[%clk 0:26:05]} 24. Rxe4 {[%clk 0:50:10]} Qxe4 {[%clk 0:25:49]} 25. Bd3
{[%clk 0:50:03]} Nxf3 {[%clk 0:26:15]} 26. Rxf3 {[%clk 0:49:36]} Qd4 {[%clk
0:26:43]} 27. Rf2 {[%clk 0:45:13]} Rac8 {[%clk 0:26:52]} 28. Be3 {[%clk 0:43:56]}
Qe5 {[%clk 0:24:34]} 29. Bf4 {[%clk 0:43:04]} Qe7 {[%clk 0:22:24]} 30. Bb1 {[%clk
0:39:56]} Rfe8 {[%clk 0:22:44]} 31. Bf5 {[%clk 0:35:58]} Rc6 {[%clk 0:21:46]} 32.
Qd3 {[%clk 0:33:02]} h6 {[%clk 0:20:28]} 33. h4 {[%clk 0:32:42]} Be5 {[%clk
0:07:20]} 34. Re2 {[%clk 0:28:46]} Qd6 {[%clk 0:07:49]} 35. gxh6 {[%clk 0:23:32]}
Qb8 {[%clk 0:07:12]} 36. h7+ {[%clk 0:22:01]} Kh8 {[%clk 0:07:41]} 37. Bd7 {[%clk
0:21:05]} Rg6 {[%clk 0:06:54]} 38. Bxe5+ {[%clk 0:17:18]} Rxe5 {[%clk 0:07:23]}
39. Qd4 {[%clk 0:15:34]} f6 {[%clk 0:07:45]} 40. Re3 {[%clk 0:10:46]} Re4 {[%clk
0:05:22]} 41. Qd3 {[%clk 0:10:18]} Qe5 {[%clk 0:05:50]} 42. Rxe4 {[%clk 0:09:24]}
dxe4 {[%clk 0:06:18]} 43. Qb3 {[%clk 0:07:27]} Kxh7 {[%clk 0:06:30]} 0-1

[Event "Poznan Chess Festival"]
[Site "chess24.com"]
[Date "2021.08.20"]
[Round "7"]
[White "Anand M P"]
[Black "Jaworski, Mateusz"]
[Result "1-0"]
[Board "23"]
[WhiteElo "1392"]
[WhiteCountry "IND"]
[WhiteFideId "45087644"]
[WhiteEloChange "17"]
[BlackElo "1712"]
[BlackCountry "POL"]
[BlackFideId "1141155"]
[BlackEloChange "-17"]

1. e4 {[%clk 1:30:59]} c5 {[%clk 1:30:47]} 2. Nf3 {[%clk 1:31:20]} d6 {[%clk
1:31:11]} 3. Bb5+ {[%clk 1:31:43]} Bd7 {[%clk 1:31:33]} 4. Bxd7+ {[%clk 1:32:06]}
Qxd7 {[%clk 1:31:50]} 5. c3 {[%clk 1:30:45]} e6 {[%clk 1:27:32]} 6. O-O {[%clk
1:30:08]} Nc6 {[%clk 1:27:47]} 7. d4 {[%clk 1:30:03]} cxd4 {[%clk 1:27:57]} 8.
cxd4 {[%clk 1:30:27]} d5 {[%clk 1:28:10]} 9. exd5 {[%clk 1:28:20]} exd5 {[%clk
1:15:42]} 10. Re1+ {[%clk 1:24:45]} Be7 {[%clk 1:13:45]} 11. Nc3 {[%clk 1:22:03]}
a6 {[%clk 1:05:14]} 12. Bf4 {[%clk 1:09:39]} b5 {[%clk 0:44:52]} 13. Ne5 {[%clk
1:02:35]} Nxe5 {[%clk 0:42:54]} 14. Rxe5 {[%clk 1:02:55]} Nf6 {[%clk 0:38:30]}
15. Qe2 {[%clk 1:02:20]} Kf8 {[%clk 0:36:58]} 16. Qf3 {[%clk 0:54:12]} Rd8 {[%clk
0:35:38]} 17. Bg5 {[%clk 0:54:12]} Bd6 {[%clk 0:28:28]} 18. Bxf6 {[%clk 0:47:00]}
Bxe5 {[%clk 0:27:20]} 19. Bxd8 {[%clk 0:45:28]} Ke8 {[%clk 0:27:20]} 1-0

[Event "Poznan Chess Festival"]
[Site "chess24.com"]
[Date "2021.08.20"]
[Round "7"]
[White "Hladun, Bartlomiej"]
[Black "Korzeniewski, Lucjan"]
[Result "1-0"]
[Board "26"]
[WhiteElo "1639"]
[WhiteCountry "POL"]
[WhiteFideId "21802467"]
[WhiteEloChange "2"]
[BlackElo "1203"]
[BlackCountry "POL"]
[BlackFideId "21097950"]
[BlackEloChange "-2"]

1. Nf3 {[%clk 1:26:43]} Nf6 {[%clk 1:30:54]} 2. d4 {[%clk 1:27:09]} g6 {[%clk
1:31:14]} 3. c4 {[%clk 1:27:31]} Bg7 {[%clk 1:31:38]} 4. Nc3 {[%clk 1:27:50]} O-O
{[%clk 1:32:01]} 5. g3 {[%clk 1:28:18]} d6 {[%clk 1:32:24]} 6. Bg2 {[%clk
1:28:43]} Nbd7 {[%clk 1:32:42]} 7. e4 {[%clk 1:28:17]} e5 {[%clk 1:32:57]} 8.
dxe5 {[%clk 1:28:34]} dxe5 {[%clk 1:32:28]} 9. O-O {[%clk 1:26:17]} a5 {[%clk
1:30:35]} 10. h3 {[%clk 1:22:09]} Qe7 {[%clk 1:28:12]} 11. Be3 {[%clk 1:19:18]}
Rd8 {[%clk 1:27:45]} 12. Qc2 {[%clk 1:19:34]} Nc5 {[%clk 1:25:45]} 13. Rfd1
{[%clk 1:17:15]} Bd7 {[%clk 1:23:16]} 14. Nd5 {[%clk 1:14:13]} Nxd5 {[%clk
1:22:09]} 15. cxd5 {[%clk 1:13:42]} Na6 {[%clk 1:17:00]} 16. a3 {[%clk 1:07:45]}
h6 {[%clk 1:06:58]} 17. Rac1 {[%clk 1:07:32]} f5 {[%clk 1:06:59]} 18. Nh4 {[%clk
0:43:08]} Qf6 {[%clk 1:03:15]} 19. exf5 {[%clk 0:35:57]} g5 {[%clk 1:03:00]} 20.
Ng6 {[%clk 0:35:29]} Bxf5 {[%clk 1:02:17]} 21. Qxf5 {[%clk 0:35:23]} Kf7 {[%clk
1:00:59]} 22. Nxe5+ {[%clk 0:34:16]} Kg8 {[%clk 1:00:03]} 23. Qxf6 {[%clk
0:34:12]} Bxf6 {[%clk 1:00:29]} 24. Nd3 {[%clk 0:31:54]} b6 {[%clk 0:59:43]} 25.
d6 {[%clk 0:30:53]} Ra7 {[%clk 1:00:11]} 26. dxc7 {[%clk 0:30:31]} Rxc7 {[%clk
1:00:39]} 27. Rxc7 {[%clk 0:30:46]} Nxc7 {[%clk 1:01:07]} 28. Bxb6 {[%clk
0:30:40]} 1-0